MARC details
| 000 -LEADER |
| campo de control de longitud fija |
01754cam a2200385 i 4500 |
| 001 - NÚMERO DE CONTROL |
| campo de control |
193771 |
| 003 - IDENTIFICADOR DE NÚMERO DE CONTROL |
| campo de control |
SpMaBN |
| 005 - FECHA Y HORA DE LA ÚLTIMA TRANSACCIÓN |
| campo de control |
20250903083410.0 |
| 007 - CAMPO FIJO DE DESCRIPCIÓN FÍSICA--INFORMACIÓN GENERAL |
| campo de control de longitud fija |
ta |
| 008 - DATOS DE LONGITUD FIJA--INFORMACIÓN GENERAL |
| campo de control de longitud fija |
240214m19711979sp | ||||o00010 spa |
| 016 7# - NÚMERO DE CONTROL DE UNA AGENCIA BIBLIOGRÁFICA NACIONAL |
| Número de control del registro |
bimoBNE19931070806 |
| Número de control cancelado/no válido |
BIB92000001956 |
| Fuente |
SpMaBN |
| 035 ## - NÚMERO DE CONTROL DEL SISTEMA |
| Número de control de sistema |
(OCoLC)433863527 |
| 035 ## - NÚMERO DE CONTROL DEL SISTEMA |
| Número de control de sistema |
bimo0000377725 |
| 040 ## - FUENTE DE CATALOGACIÓN |
| Centro catalogador/agencia de origen |
SpMaBN |
| Lengua de catalogación |
spa |
| Centro/agencia transcriptor |
SpMaBN |
| Normas de descripción |
rdc |
| Centro/agencia modificador |
SpMaBN |
| 080 ## - NÚMERO DE LA CLASIFICACIÓN DECIMAL UNIVERSAL |
| Número de la Clasificación Decimal Universal |
017.11(460) |
| 080 ## - NÚMERO DE LA CLASIFICACIÓN DECIMAL UNIVERSAL |
| Número de la Clasificación Decimal Universal |
016:(05) |
| 245 00 - MENCIÓN DEL TÍTULO |
| Título |
Catálogo colectivo de publicaciones periódicas en bibliotecas españolas |
| 260 ## - PUBLICACIÓN, DISTRIBUCIÓN, ETC. |
| Lugar de publicación, distribución, etc. |
Madrid : |
| Nombre del editor, distribuidor, etc. |
Dirección General de Archivos y Bibliotecas, |
| Fecha de publicación, distribución, etc. |
1971-1979 |
| 300 ## - DESCRIPCIÓN FÍSICA |
| Extensión |
3 volúmenes ; |
| Dimensiones |
31 cm |
| 336 ## - TIPO DE CONTENIDO |
| Término de tipo de contenido |
Texto (visual) |
| Fuente |
isbdcontent |
| 337 ## - TIPO DE MEDIO |
| Nombre/término del tipo de medio |
sin mediación |
| Fuente |
isbdmedia |
| 338 ## - TIPO DE SOPORTE |
| Fuente |
rdacarrier |
| Nombre/término del tipo de soporte |
volumen |
| 500 ## - NOTA GENERAL |
| Nota general |
Vol. 2 editado por Instituto Bibliográfico Hispano |
| 505 0# - NOTA DE CONTENIDO CON FORMATO |
| Nota de contenido con formato |
Vol. 2. Medicina (2 v.: XLIX, 974 p.) - v. 5. Humanidades, pte. 1. Ciencias históricas (XXXI, 605); pte. 2. Lingüística y literatura (LVII, 693 p.) |
| 650 #7 - PUNTO DE ACCESO ADICIONAL DE MATERIA--TÉRMINO DE MATERIA |
| Término de materia o nombre geográfico como elemento de entrada |
Publicaciones periódicas- |
| Subdivisión de forma |
Catálogos colectivos |
| 9 (RLIN) |
158900 |
| 650 #4 - PUNTO DE ACCESO ADICIONAL DE MATERIA--TÉRMINO DE MATERIA |
| Término de materia o nombre geográfico como elemento de entrada |
Catálogos colectivos- |
| Subdivisión geográfica |
España |
| 9 (RLIN) |
10840 |
| 710 1# - ENTRADA AGREGADA--NOMBRE DE ENTIDAD CORPORATIVA |
| Nombre de entidad corporativa o nombre de jurisdicción como elemento de entrada |
España. |
| Unidad subordinada |
Dirección General de Archivos y Bibliotecas |
| Término indicativo de función/relación |
Editor |
| 9 (RLIN) |
3701 |
| 710 2# - ENTRADA AGREGADA--NOMBRE DE ENTIDAD CORPORATIVA |
| Nombre de entidad corporativa o nombre de jurisdicción como elemento de entrada |
Instituto Bibliográfico Hispánico |
| Término indicativo de función/relación |
Editor |
| 9 (RLIN) |
4801 |
| 852 4# - LOCALIZACIÓN |
| Ubicación |
ES-MaACL |
| Sublocalización o colección |
R. 80279 |
| Ubicación en estantería |
Depósito 1 |
| Signatura antigua |
Olim: P-1443 |
| Donativo/Legado |
Donativo Instituto Bibliográfico Hispánico |
| Número de control de estantería |
A-15152 |
| Designación de la unidad física |
v. 5, pte. 1 |
| itemnumber |
198771 |
| 852 4# - LOCALIZACIÓN |
| Ubicación |
ES-MaACL |
| Sublocalización o colección |
R. 80279 |
| Ubicación en estantería |
Depósito 1 |
| Donativo/Legado |
Donativo Instituto Bibliográfico Hispánico |
| Número de control de estantería |
A-15101 |
| Designación de la unidad física |
v. 2 |
| itemnumber |
198772 |
| 852 4# - LOCALIZACIÓN |
| Ubicación |
ES-MaACL |
| Sublocalización o colección |
R. 80279 |
| Ubicación en estantería |
Depósito 1 |
| Signatura antigua |
Olim: P-1443 |
| Donativo/Legado |
Donativo Instituto Bibliográfico Hispánico |
| Número de control de estantería |
A-15123 |
| Designación de la unidad física |
v. 5, pte. 2 |
| itemnumber |
198773 |
| 942 ## - ELEMENTOS DE ENTRADA SECUNDARIOS (KOHA) |
| Suprimir en OPAC |
No |
| Tipo de ítem Koha |
Libro impreso |